000 00622cam a22002171 4500
001 8411874
003 ARRUPE
005 20131220173924.0
008 750718s1958 nyu 000 1 eng
010 _a 58005727
035 _a(OCoLC)1460160
040 _aDLC
_cFM
_dOCoLC
_dDLC
050 0 0 _aPZ4.S428
_bMar
_aPR6069.C596
100 1 _aScott, Paul,
_d1920-1978.
_96476
245 1 4 _aThe mark of the warrior.
260 _aNew York,
_bW. Morrow,
_c1958.
300 _a213 p.
_c21 cm.
650 0 _aWorld War, 1939-1945
_xFiction.
_96477
906 _a7
_bcbc
_coclcrpl
_du
_encip
_f19
_gy-gencatlg
942 _2lcc
_cMONOGRAPH
999 _c119489
_d119489